01026nam a2200277 u 450000100100000000500170001000800410002702000150006804000250008304100140010808200180012210000220014024501940016224600590035625000120041526000320042730000290045949000200048850000210050850400570052953400790058665000200066570000270068570000220071283000140073400000366920200929150526.0090713s1996 es a r 001 0 spa d a8474324254 aDO-SdBNPbspacBNPHU17aspahfren a150.195, 19961 aNasio, Juan David10aEnseñanza de 7 conceptos cruciales del psicoanalisis =Enseignement de 7 concepts crucioux de la psychanalyse /cJuan David Nasio ; traducción Graciela Klein ; ilustración Carlos Nine.1 aEnseignement de 7 concepts crucioux de la psychanalyse a4a. ed. aBalcelona :bGedisa,c1996. a238 p. :bil., ;c20 cm.1 aSerie freudiana aIncluye índice aIncluye notas bibliográficas al pie de las paginas pTítulo original.tEnseignement de 7 concepts crucioux de la psychanalyse 4aPsicoanálisis1 aKlein, Gracielaetrad.1 aNine, Carloseil. 0aFreudiana